[Event "Donoratico op-A"]
[Site "Donoratico"]
[Date "2011.04.30"]
[Round "2"]
[White "Marrocco, Silvio"]
[Black "Calavalle, Giulio"]
[Result "0-1"]
[WhiteElo "1953"]
[BlackElo "2230"]
[PlyCount "44"]
[EventDate "2011.04.29"]
[EventType "swiss"]
[EventRounds "5"]
[EventCountry "ITA"]
[SourceTitle "EXT 2015"]
[Source "ChessBase"]
[SourceDate "2014.11.20"]
[SourceVersion "1"]
[SourceVersionDate "2014.11.20"]
[SourceQuality "1"]

1. d4 c5 2. d5 f5 3. c4 g6 4. Bd2 Nf6 5. Bc3 Bg7 6. Nd2 0-0 7. g3 d6 8. Ngf3 Na6 9. Bg2 Nc7 10. a3 Rb8 11. 0-0 b5 12. b4 bxc4 13. Nxc4 Ncxd5 14. Bxf6 Nxf6 15. Qb3 Kh8 16. b5 Bd7 17. a4 a6 18. Na3 Ne4 19. Rac1 axb5 20. Nxb5 Qa5 21. Qd3 Qxa4 22. Nc7 Qb3 0-1

[Event "Donoratico op-A"]
[Site "Donoratico"]
[Date "2011.04.30"]
[Round "3"]
[White "Proietti, Tosca"]
[Black "Marrocco, Silvio"]
[Result "1-0"]
[WhiteElo "1799"]
[BlackElo "1953"]
[PlyCount "59"]
[EventDate "2011.04.29"]
[EventType "swiss"]
[EventRounds "5"]
[EventCountry "ITA"]
[SourceTitle "EXT 2015"]
[Source "ChessBase"]
[SourceDate "2014.11.20"]
[SourceVersion "1"]
[SourceVersionDate "2014.11.20"]
[SourceQuality "1"]

1. e4 e5 2. Nf3 Nf6 3. Nc3 Bb4 4. Bc4 Bxc3 5. bxc3 0-0 6. d3 d5 7. exd5 Nxd5 8. 0-0 Nc6 9. Bxd5 Qxd5 10. h3 Rd8 11. Qe2 b6 12. Re1 Bb7 13. Bd2 f6 14. a4 a5 15. Rab1 Qa2 16. Qd1 Qxa4 17. Re4 Qa3 18. Nh4 Ne7 19. Rc4 Qd6 20. Qg4 Qd7 21. Qg3 Kh8 22. f4 Bd5 23. fxe5 fxe5 24. Rg4 Nf5 25. Nxf5 Qxf5 26. Rf1 Qe6 27. Re1 Rg8 28. Rxe5 Qd6 29. Bf4 c5 30. Rh5 1-0